书目信息 |
| 题名: |
当代建筑遗产保护的数字化策略研究
|
|
| 作者: | 刘存钢, 著 | |
| 分册: | ||
| 出版信息: | 北京 中国商业出版社 2021.12 |
|
| 页数: | 221页 | |
| 开本: | 24cm | |
| 丛书名: | ||
| 单 册: | ||
| 中图分类: | TU-87 | |
| 科图分类: | ||
| 主题词: | 数字技术--shu zi ji shu--应用--建筑--文化遗产--保护--研究 | |
| 电子资源: | ||
| ISBN: | 978-7-5208-1888-9 | |
| 000 | 01122nam0 2200253 450 | |
| 001 | CAL 0120227360358 | |
| 005 | 20230302195550.36 | |
| 010 | @a978-7-5208-1888-9@dCNY69.00 | |
| 100 | @a20220303d2021 em y0chiy0120 ea | |
| 101 | 0 | @achi |
| 102 | @aCN@b110000 | |
| 105 | @aa a 000yy | |
| 106 | @ar | |
| 200 | 1 | @a当代建筑遗产保护的数字化策略研究@Adang dai jian zhu yi chan bao hu de shu zi hua ce lue yan jiu@f刘存钢著 |
| 210 | @a北京@c中国商业出版社@d2021.12 | |
| 215 | @a221页@c图@d24cm | |
| 314 | @a刘存钢, 男, 生于1983年, 安徽合肥人, 安徽建筑大学建筑与规划学院教师。 | |
| 320 | @a有书目 (第页218-221) | |
| 330 | @a本书属于建筑遗产保护方面的著作, 由综论、国内外建筑遗产保护的相关研究、当代建筑遗产的价值体系、建筑遗产的保护利用方式和措施、BIM技术在建筑遗产保护中的应用、虚拟现实技术在建筑遗产保护中的应用、混合现实技术在建筑遗产保护中的应用以及数字化技术在建筑遗产保护领域的策略研究等部分组成。 | |
| 606 | 0 | @a数字技术@Ashu zi ji shu@x应用@x建筑@x文化遗产@x保护@x研究 |
| 690 | @aTU-87@v5 | |
| 701 | 0 | @a刘存钢,@Aliu cun gang@f1983-@4著 |
| 801 | 0 | @aCN@bBJXHZP@c20230228 |
| 905 | @b1381554-7@dTU-87@e281@f4 | |
| 当代建筑遗产保护的数字化策略研究/刘存钢著.-北京:中国商业出版社,2021.12 |
| 221页:图;24cm |
| ISBN 978-7-5208-1888-9:CNY69.00 |
| 本书属于建筑遗产保护方面的著作, 由综论、国内外建筑遗产保护的相关研究、当代建筑遗产的价值体系、建筑遗产的保护利用方式和措施、BIM技术在建筑遗产保护中的应用、虚拟现实技术在建筑遗产保护中的应用、混合现实技术在建筑遗产保护中的应用以及数字化技术在建筑遗产保护领域的策略研究等部分组成。 |
| ● |
| 相关链接 |
|
|
|
|
正题名:当代建筑遗产保护的数字化策略研究
索取号:TU-87/281
 
预约/预借
| 序号 | 登录号 | 条形码 | 馆藏地/架位号 | 状态 | 备注 |
| 1 | 1381554 | 213815549 | 第二样本阅览室/ [索取号:TU-87/281] | 在馆 | |
| 2 | 1381555 | 213815558 | 第三借阅区/ [索取号:TU-87/281] | 在馆 | |
| 3 | 1381556 | 213815567 | 第三借阅区/ [索取号:TU-87/281] | 在馆 | |
| 4 | 1381557 | 213815576 | 第三借阅区/ [索取号:TU-87/281] | 在馆 |